Statistics for U.S. Presidents

Click here to take the quiz!

General Stats

  • This quiz has been taken 30 times
  • The average score is 37 of 45

Answer Stats

HintInitialsAnswer% Correct
1G.W.George Washington
100%
2J.A.John Adams
100%
6J.Q.A.John Quincy Adams
96%
34D.D.E.Dwight D. Eisenhower
92%
32F.D.R.Franklin D. Roosevelt
92%
38G.FGerald Ford
92%
33H.S.T.Harry S. Truman
92%
31H.H.Herbert Hoover
92%
39J.C.Jimmy Carter
92%
35J.F.K.John F. Kennedy
92%
36L.B.J.Lyndon B. Johnson
92%
37R.N.Richard Nixon
92%
3T.J.Thomas Jefferson
92%
28W.W.Woodrow Wilson
92%
7A.J.Andrew Jackson
88%
44B.O.Barack Obama
88%
42B.C.Bill Clinton
88%
41G.H.W.B.George H. W. Bush
88%
43G.W.B.George W. Bush
88%
8M.V.BMartin Van Buren
88%
18U.S.G.Ulysses S. Grant
88%
12Z.T.Zachary Taylor
88%
16A.L.Abraham Lincoln
84%
17A.J.Andrew Johnson
84%
45D.T.Donald Trump
84%
4J.M.James Madison
84%
5J.M.James Monroe
84%
26T.R.Theodore Roosevelt
84%
30C.C.Calvin Coolidge
80%
24G.C.Grover Cleveland
80%
22G.C.Grover Cleveland
80%
9W.H.H.William Henry Harrison
80%
27W.H.T.William Howard Taft
80%
14F.P.Franklin Pierce
76%
20J.A.G.James A. Garfield
76%
15J.B.James Buchanan
76%
13M.F.Millard Fillmore
76%
23B.H.Benjamin Harrison
72%
10J.T.John Tyler
72%
11J.K.P.James K. Polk
68%
19R.B.H.Rutherford B. Hayes
68%
25W.M.William McKinley
68%
21C.A.A.Chester A. Arthur
64%
29W.G.H.Warren G. Harding
64%
40R.R.Ronad Reagan
12%

Score Distribution

Percentile by Number Answered

Percent of People with Each Score

Your Score History

You have not taken this quiz